| 000 | 00626cam a2200193 a 4500 | ||
|---|---|---|---|
| 001 | 000004004 | ||
| 005 | 20200929150648.0 | ||
| 008 | 910618s1954 sp a 001 j spa | ||
| 040 |
_aDO-SdBNP _dBNPHU |
||
| 082 |
_a813.3 _bI723c, 1954 |
||
| 100 | 1 |
_aIrving, Washington, _d1783-1859. _911986 |
|
| 245 | 1 | 0 |
_aCuentos de la Alhambra / _cWashington Irving ; traducción, Ricardo Villa-Real. |
| 250 | _a3a ed. | ||
| 260 |
_aGranada, España : _bPadre Suarez, _c1954. |
||
| 300 |
_a546 p. : _bil. ; _c16 cm. |
||
| 650 | 4 |
_aCuentos estadounudense _911987 |
|
| 650 | 4 |
_aLiteratura estadounidense _9263 |
|
| 910 | _aCatalogación derivada | ||
| 999 |
_c3823 _d3823 |
||